Discographie de Les Fatals Picards (2001-2022) - Statistiques

Statistiques générales
  • Ce quiz a été pris 40 fois
  • Le résultat moyen est 33 sur 145
Statistiques - réponses
Réponse % Correct
Mon père était tellement de gauche
96%
Bernard Lavilliers
85%
L'Amour à la française
85%
La Sécurité de l'emploi
85%
Coming Out
77%
Française des jeux
77%
Djembé man
73%
Les dictateurs
69%
Seul et célibataire
69%
Goldorak est mort
65%
Et puis merde, je vote à droite !
62%
Le Syndrome De Göteborg
62%
Sucer des cailloux
62%
Fils de P.
58%
Commandante
54%
le Retour à la terre
54%
Le Combat ordinaire
50%
Noir(s)
50%
A la vie, à l'Armor (ft. Les 3 fromages)
46%
La Nouille A L'air
46%
On se demandait (où sont passées les pistes mal cachées ?)
46%
Rebecca
46%
Angela
42%
Chasse, pêche et biture
42%
Cure toujours
42%
Dors mon fils
42%
Moi je vis chez Amélie Poulain
42%
Public
42%
La Prophétie Des Vosges
38%
Le Reich des licornes
38%
Morflé
38%
Punks au Liechtenstein
38%
Atomic Twist
35%
De l'amour à revendre
35%
Je viens d'ici
35%
Les Playmobils Complotistes
35%
Partenaire particulier
35%
Sans contrefaçon
35%
Banana Split (ft. Lio)
31%
Gros con
31%
Monter le pantalon
31%
Picardia Independenza
31%
C'est la vie cuicui
27%
Dans un ciel de 1er mai
27%
La France du petit Nicolas
27%
Moonboots
27%
Schizophrène (tu vas dans le mur)
27%
9 Milliards
23%
Au mariage de Kevin et de ma sœur
23%
Béton armé
23%
Le Pull Moche De Noël
23%
Manouches
23%
Seul et Célibataire 2
23%
Tais-toi et creuse
23%
Ton Portable
23%
Tonton
23%
Canal St Martin
19%
C'est la fête médiévale
19%
Hasta XXL
19%
Lady Diana
19%
La Poésie
19%
Psycho Bunker
19%
1983
15%
À 32 + pistes mal cachées
15%
Dans mon verre
15%
God Save the Kim
15%
La Tchiotchiotte + Pistes mal-cachées
15%
Le magnet du Jura
15%
Les Bourgeois
15%
Les Princes du Parc
15%
Nouchka
15%
Pogo d'amour
15%
Pourquoi ?
15%
P.P.D.E. (Petit poisson d'élevage)
15%
Sous Les Tilleuls De Barcelone
15%
Turlututu
15%
À l'enterrement de Derrick
12%
Dis-moi
12%
Ernestine
12%
Hortense
12%
Je ne suis pas cherché à vous
12%
La Balade mentale
12%
La fête de l'école
12%
Le Jardin
12%
Miss France
12%
Mon arbre
12%
Nadine
12%
Poupée gonflée
12%
Robert
12%
Sauvons Vivendi
12%
Tu danses ?
12%
20000 lieux sous les polymères
8%
Boum
8%
C'est l'histoire d'une meuf
8%
I Live in Picardie
8%
J'suis sale
8%
J'te raconte mon rêve
8%
Le Chanteur Québécois
8%
Le dimanche au soleil
8%
Ma baraque aux Bahamas
8%
Ma baraque aux Bahamas - intro
8%
Mets du gras
8%
On est des oufs
8%
Oublie
8%
Parkinson le glas
8%
Premier de la glace
8%
Quoi encore ?
8%
Raoul et Rosita
8%
C'est sûr on se bougera
4%
Chinese Democracy (Valse de Chine)
4%
Crache ta rage
4%
Environne-mental
4%
Est-ce que tu veux avec moi ?
4%
Han han han
4%
Interlude 1 : le répondeur Fatals Picards Country Club
4%
Interlude 2 : Trouville-sur-Mer
4%
Interlude 3 : Le Crotoy Beach
4%
Interlude 4 : Poutinka
4%
J'aime, j'aime, j'aime
4%
J'fais du bruit
4%
Laissez moi rêver
4%
L'amour à la plage
4%
Le Putois
4%
On a tous des préjugés
4%
Par ici la monnaie
4%
Tony (garagiste et poète)
4%
Va t'en puisque t'es partie + piste cachée
4%
Avec un h
0%
Comme un océan
0%
Elle est belle la France
0%
Et c'est comme
0%
Interlude 5 : le Club
0%
Interlude : faites entrer le complément d'enquête
0%
Interlude : Jacques et Martine (ft. Guillaume Meurice & Charline Vanhoenacker)
0%
Interlude : les enfants s'ennuient
0%
Interlude : Michel est en retard
0%
J'aime, j'aime pas
0%
J'aimerais pas être déjà mort
0%
J'suis un vaurien
0%
La Légende De La Forêt Domaniale Du Ban-Duxegney
0%
Le chanteur de variété
0%
Marabout
0%
Non rien ne pourra
0%
Qu'est-ce qui nous prouve ?
0%
Aucun quiz correspondant
Distribution des résultats
% des personnes avec chaque résultat
Percentile par nombre de réponses
Votre historique - résultats
Vous n’avez pas pris ce quiz